आर्याग्ल शरिरविज्ञान (Record no. 116374)

MARC details
000 -LEADER
fixed length control field 00694nam a2200169Ia 4500
008 - FIXED-LENGTH DATA ELEMENTS--GENERAL INFORMATION
fixed length control field 090124s9999 xx 000 0 und d
082 ## - DEWEY DECIMAL CLASSIFICATION NUMBER
Item number 2428
Classification number 408
100 ## - MAIN ENTRY--PERSONAL NAME
Personal name कडेगांवकर वासुदेवशास्त्री
245 ## - TITLE STATEMENT
Title आर्याग्ल शरिरविज्ञान
250 ## - EDITION STATEMENT
Edition statement 1
260 ## - PUBLICATION, DISTRIBUTION, ETC. (IMPRINT)
Date of publication, distribution, etc 1923
600 ## - SUBJECT ADDED ENTRY--PERSONAL NAME
Personal name कडेगांवकर वासुदेवशास्त्री
630 ## - SUBJECT ADDED ENTRY--UNIFORM TITLE
Uniform title आर्याग्ल शरिरविज्ञान
700 ## - ADDED ENTRY--PERSONAL NAME
Personal name कडेगांवकर वासुदेवशास्त्री
730 ## - ADDED ENTRY--UNIFORM TITLE
Uniform title आर्याग्ल शरिरविज्ञान
942 ## - ADDED ENTRY ELEMENTS (KOHA)
Koha item type Book
Holdings
Withdrawn status Lost status Damaged status Not for loan Home library Current library Date acquired Cost, normal purchase price Total Checkouts Full call number Barcode Date last seen Cost, replacement price Price effective from Koha item type
        Marathi Granth Sangrahalaya,Thane Marathi Granth Sangrahalaya,Thane   5.00   2428 THNMGS-2428 01/24/2009 5.00 01/24/2009 Book